000 00786nam a22002652a 4500
001 7130
003 UkOxU
005 20211208234352.0
008 130114s1963 enk 000 0 eng d
035 _aOCLC ocm00409480 from D950929M
040 _aMAL
_cMAL
_dUKM
_dEQO
_beng
041 _aeng
082 _a150.13
_bHAN 1963
100 1 _aHarms, Ernest,
_d1895-1974.
_922313
245 1 0 _aHandbook of counseling techniques /
_cedited by Ernest Harms and Paul Schreiber.
260 _aOxford :
_bPergamon Press,
_c1963.
300 _avii, 506 p.
_c23 cm.
504 _aIncludes bibliographies.
650 0 _aCounseling.
_922314
700 1 _aSchreiber, Paul,
_d1911-
_922315
740 0 _aCounseling techniques
942 _2ddc
_cBK
999 _c7130
_d7130